| 000 | 00889 a2200241 4500 | ||
|---|---|---|---|
| 003 | Nust | ||
| 005 | 20230301140636.0 | ||
| 010 | _a 78301969 | ||
| 020 | _a0860790096 : | ||
| 040 | _cNust | ||
| 082 | 0 | 0 | _a327.933,GRA |
| 100 | 1 |
_aBrown, Leslie H. _9109689 |
|
| 245 | 1 | 0 |
_aAmerican security policy in Asia / _cby Leslie H. Brown. |
| 260 |
_aLondon : _bInternational Institute for Strategic Studies, _cc1977. |
||
| 300 |
_a35 p. ; _c25 cm. |
||
| 440 | 0 |
_aAdelphi papers ; _vno. 132 _9106259 |
|
| 505 | _aPolicy Constraint (Page-3), America Strategy For Asia (Page-5), American Interests (Page-9), Future Policy Choices (Page-24), Conclusion (Page-36). | ||
| 650 | 0 |
_aNational security _zUnited States. _97976 |
|
| 651 | 0 |
_aAsia _xRelations _zUnited States. _9109354 |
|
| 651 | 0 |
_aUnited States _xMilitary policy. |
|
| 651 | 0 |
_aUnited States _xRelations _zAsia. _9109353 |
|
| 942 |
_2ddc _cBK |
||
| 999 |
_c190542 _d190542 |
||